ВИЧ-инфекция в Северо-Западном федеральном округе Российской Федерации ... Вып. 6 (Запись № 10769185)

Подробности
000 -МАРКЕР
контрольное поле 01912nam2a2200265 4500
001 - ИДЕНТИФИКАТОР ЗАПИСИ
контрольное поле RU\NLR\BIBL_A\010357993
005 - ИДЕНТИФИКАТОР ВЕРСИИ
контрольное поле 20250614042553.0
010 ## - МЕЖДУНАРОДНЫЙ СТАНДАРТНЫЙ НОМЕР КНИГИ (ISBN)
Номер (ISBN) 978-5-904405-26-7
Тираж 150
021 ## - НОМЕР ГОСУДАРСТВЕННОЙ РЕГИСТРАЦИИ
Код страны Российская Федерация
Номер 2014-20246
Номер Листа государственной регистраци 1258
035 ## - ДРУГИЕ СИСТЕМНЫЕ НОМЕРА
Идентификатор записи (NLR Aleph) 010357993
100 ## - ДАННЫЕ ОБЩЕЙ ОБРАБОТКИ
Данные общей обработки 20140519d2013 |||y0rusy50 ca
101 0# - ЯЗЫК РЕСУРСА
Язык текста, звукозаписи и т.д. русский
102 ## - СТРАНА ПУБЛИКАЦИИ ИЛИ ПРОИЗВОДСТВА
Страна публикации Российская Федерация
105 ## - ПОЛЕ КОДИРОВАННЫХ ДАННЫХ: ТЕКСТОВЫЕ МАТЕРИАЛЫ, МОНОГРАФИЧЕСКИЕ
Кодированные данные о монографическом текстовом документе a|||z|||000yy
200 0# - ЗАГЛАВИЕ И СВЕДЕНИЯ ОБ ОТВЕТСТВЕННОСТИ
Основное заглавие Вып. 6
Первые сведения об ответственности [Смольская Т.Т. д.м.н., засл. врач Рос. Федерации и др.]
Последующие сведения об ответственности под ред. чл.-корр. РАМН А. Б. Жебруна
210 ## - ПУБЛИКАЦИЯ, РАСПРОСТРАНЕНИЕ И ДР.
Дата издания, распространения и т.д. 2013
Место издания, распространения и т.д. Б. м.
215 ## - ФИЗИЧЕСКАЯ ХАРАКТЕРИСТИКА
Специфическое обозначение материала и объем 44 с.
Другие сведения о физической характеристике ил., цв. ил.
320 ## - ПРИМЕЧАНИЯ О НАЛИЧИИ В ДОКУМЕНТЕ БИБЛИОГРАФИИ / УКАЗАТЕЛЯ
Текст примечания Библиогр. в подстроч. примеч.
461 #0 - УРОВЕНЬ НАБОРА
Встроенное поле 001RU\NLR\bibl\1660508
-- 2000#$aВИЧ-инфекция в Северо-Западном федеральном округе Российской Федерации ...$eаналитический обзор$fМ-во здравоохранения и соц. развития Рос. Федерации, Федер. служба по надзору в сфере защиты прав потребителей и благополучия человека [и др.]$vВып. 6
Системный номер (АБИС) связанной записи 926483
Место публикации Санкт-Петербург
Дата публикации 2009
Первые сведения об ответственности М-во здравоохранения и соц. развития Рос. Федерации, Федер. служба по надзору в сфере защиты прав потребителей и благополучия человека [и др.]
Имя издателя, распространителя и т.д. Изд-во НИИЭМ
Сведения, относящиеся к заглавию аналитический обзор
Заглавие ВИЧ-инфекция в Северо-Западном федеральном округе Российской Федерации ...
Номер тома Вып. 6
702 #1 - ИМЯ ЛИЦА - ВТОРИЧНАЯ ОТВЕТСТВЕННОСТЬ
Начальный элемент ввода Жебрун
Часть имени, кроме начального элемента ввода А. Б.
Расширение инициалов личного имени Анатолий Борисович
Код отношения Редактор
942 ## - ДОПОЛНИТЕЛЬНЫЕ ЭЛЕМЕНТЫ ЗАПИСИ (АБИС)
Тип экземпляра АБИС Книга
980 ## - КОЛЛЕКЦИЯ
Название коллекции Национальная библиография
Экземпляры
Тип экземпляра Дата поступления Источник поступления Библиотека постоянного хранения Библиотека текущего хранения Место хранения Шифр хранения Штрих-код Статус экземпляра
Книга 19.05.2014 Обязательный экземпляр РНБ (Московский) РНБ (Московский) Русский книжный фонд: издания с 1957 года 2010-8/1454 1-475875  
Книга 19.05.2014 Обязательный экземпляр РНБ (Московский) РНБ (Московский) Русский книжный фонд: издания с 1957 года 2010-8/1454 1-475874